NHL superstars fast typing - Statistics

General Stats
  • This quiz has been taken 101 times
    96 since last reset
  • The average score is 36 of 124
Answer Stats
Team Best players % Correct
Maple Leafs Mitch Marner
100%
Maple Leafs Auston Matthews
97%
Lightning Nikita Kucherov
97%
Penguins Sidney Crosby
94%
Penguins Evgeni Malkin
89%
Lightning Andrei Vasilevskiy
86%
Avalanche Nathan Mackinnon
86%
Lightning Victor Hedman
86%
Lightning Steven Stamkos
83%
Bruins Brad Marchand
80%
Maple Leafs John Tavares
77%
Penguins Kris Letang
77%
Avalanche Cale Makar
74%
Canadiens Nick Suzuki
71%
Avalanche Gabriel Landeskog
66%
Senators Brady Tkachuk
63%
Bruins David Pastrnak
63%
Penguins Jake Guentzel
63%
Flames Matthew Tkachuk
63%
Avalanche Mikko Rantanen
63%
Bruins Patrice Bergeron
63%
Panthers Aleksander Barkov
60%
Canadiens Carey Price
57%
Sharks Erik Karlsson
57%
Maple Leafs Morgan Rielly
57%
Rangers Artemi Panarin
54%
Canadiens Shea Weber
51%
Oilers Connor McDavid
49%
Stars Jamie Benn
49%
Rangers Mika Zibanejad
49%
Wild Joel Eriksson Ek
46%
Hurricanes Sebastian Aho
46%
Stars Tyler Seguin
46%
Panthers Aaron Ekblad
43%
Stars Jason Robertson
43%
Oilers Leon Draisaitl
43%
Panthers Jonathan Huberdeau
40%
Panthers Sergei Bobrovsky
40%
Rangers Igor Shesterkin
37%
Bruins Tuuka Rask
37%
Wild Kirill Kaprizov
34%
Knights Marc-André Fleury
31%
Blackhawks Patrick Kane
31%
Capitals Alex Ovechkin
29%
Hurricanes Andrei Svechnikov
29%
Flames Johnny Gaudreau
29%
Blues Ryan O'Reilly
29%
Kings Anze Kopitar
26%
Flyers Claude Giroux
26%
Canadiens Brendan Gallagher
23%
Red Wings Dylan Larkin
23%
Devils Jack Hughes
23%
Knights Max Pacioretty
23%
Senators Thomas Chabot
23%
Senators Tim Stutzle
23%
Jets Blake Wheeler
20%
Kings Drew Doughty
20%
Capitals John Carlson
20%
Jets Kyle Connor
20%
Jets Mark Scheifele
20%
Knights Mark Stone
20%
Canucks Quinn Hughes
20%
Oilers Ryan Nugent-Hopkins
20%
Blues Vladimir Tarasenko
20%
Rangers Alexis Lafrenière
17%
Canucks Elias Pettersson
17%
Islanders Mathew Barzal
17%
Blue Jackets Patrik Laine
17%
Sabres Sam Reinhart
17%
Canucks Bo Horvat
14%
Oilers Darnell Nurse
14%
Hurricanes Dougie Hamilton
14%
Sabres Jack Eichel
14%
Kings Jonathan Quick
14%
Blackhawks Jonathan Toews
14%
Hurricanes Martin Necas
14%
Capitals Nicklas Backstrom
14%
Jets Nikolaj Ehlers
14%
Predators Roman Josi
14%
Sharks Brent Burns
11%
Knights Jonathan Marchessault
11%
Predators Juuse Saros
11%
Predators Matt Duchene
11%
Coyotes Phil Kessel
11%
Devils PK Subban
11%
Blue Jackets Seth Jones
11%
Blackhawks Alex Debrincat
9%
Islanders Anders Lee
9%
Flyers Carter Hart
9%
Coyotes Clayton Keller
9%
Senators Drake Batherson
9%
Predators Filip Forsberg
9%
Flames Jakob Markstrom
9%
Stars John Klingberg
9%
Flames Sean Monahan
9%
Sharks Tomas Hertl
9%
Blues David Perron
6%
Kings Dustin Brown
6%
Wild Jared Spurgeon
6%
Ducks John Gibson
6%
Blues Jordan Binnington
6%
Devils Nico Hischier
6%
Red Wings Tyler Bertuzzi
6%
Blue Jackets Zach Werenski
6%
Canucks Brock Boeser
3%
Blue Jackets Cam Atkinson
3%
Blackhawks Duncan Keith
3%
Capitals Evgeny Kuznetsov
3%
Flyers Ivan Provorov
3%
Sabres Jeff Skinner
3%
Wild Kevin Fiala
3%
Sabres Rasmus Dahlin
3%
Ducks Rickard Rackell
3%
Ducks Ryan Getzlaf
3%
Islanders Semyon Varlamov
3%
Flyers Travis Konecny
3%
Islanders Anthony Beauvillier
0%
Coyotes Conor Garland
0%
Red Wings Filip Zadina
0%
Red Wings Jakub Vrana
0%
Sharks Kevin Labanc
0%
Ducks Maxime Comtois
0%
Coyotes Oliver Ekman-Larsson
0%
Devils Pavel Zacha
0%
No matching quizzes found
Score Distribution
Percent of People with Each Score
Percentile by Number Answered
Your Score History
You have not taken this quiz since the last reset